| 000 | 00000nam##2200000za#4500 |
| 001 | 9.688426 |
| 003 | CaOODSP |
| 005 | 20210624231423 |
| 007 | cr ||||||||||| |
| 008 | 150407|2006||||xxc|||||o f|0| 0 eng|d |
| 020 | |a0-662-43440-4 |
| 040 | |aCaOODSP|beng |
| 043 | |an-cn--- |
| 086 | 1 |aM144-126/2006E-PDF |
| 110 | 1 |aCanada. |bNatural Resources Canada. |
| 245 | 10|aCanada's energy outlook : |h[electronic resource]|bthe reference case 2006 |
| 260 | |aOttawa - Ontario : |bNatural Resources Canada |c2006. |
| 300 | |a218p.|bcoloured figs., tables |
| 500 | |a"This report provides a reference outlook to 2020 for Canadian energy supply and demand and emissions ... The previous long-term projection, Canada's Emissions Outlook – An Update (CEOU), was issued in 1999, and modified in early 2002."-- Page 11 of 218, Introduction. |
| 590 | |a13-20-Supp|b2013-08-30 |
| 690 | 07|aEnergy supply|2gcpds |
| 775 | 08|tPerspectives énergétiques du Canada : |w(CaOODSP)9.632850 |
| 856 | 40|ahttp://publications.gc.ca|qPDF|s2060 KB|uhttps://publications.gc.ca/collections/collection_2013/rncan-nrcan/M144-126-2006-eng.pdf |